| 000 | 00430nam a22001697a 4500 | ||
|---|---|---|---|
| 999 |
_c9478 _d9478 |
||
| 003 | GBCCL | ||
| 005 | 20241126110713.0 | ||
| 008 | 230127b ||||| |||| 00| 0 eng d | ||
| 040 | _cgbc | ||
| 082 |
_a248 _bCHE |
||
| 100 |
_aChelladurai ,Rajiv _916519 |
||
| 245 | _aGod's instructions for today | ||
| 260 |
_aHyderabad, _bAuthentic, _c2014 |
||
| 300 |
_a176 pages ; _c22 cm |
||
| 650 |
_a Christian life _9183 |
||
| 942 |
_2ddc _cBK |
||